Wrestlers With Most WWE/WWF PPV Matches - Statistics

General Stats
  • This quiz has been taken 242 times
  • The average score is 243 of 500
Answer Stats
Matches Wrestler % Correct
174 The Undertaker
98%
62 Booker T
97%
68 Big E
95%
181 Randy Orton
95%
142 Big Show
93%
164 John Cena
93%
79 The Rock
93%
173 Triple H
93%
145 Edge
92%
176 Kane
92%
113 Seth Rollins
91%
107 Roman Reigns
90%
3 Bob Orton
88%
39 Hulk Hogan
88%
6 Luther Reigns
88%
41 Ric Flair
88%
130 The Miz
88%
64 Charlotte Flair
87%
120 Rey Mysterio
87%
117 Shawn Michaels
87%
71 Steve Austin
87%
71 Batista
86%
144 Chris Jericho
86%
110 Dolph Ziggler
85%
80 Brock Lesnar
84%
63 Dean Ambrose
84%
13 Dominik Mysterio
84%
102 Jeff Hardy
84%
121 Kofi Kingston
84%
94 Matt Hardy
84%
5 Mo
84%
70 Chris Benoit
83%
99 Christian
83%
63 Bret Hart
81%
67 Cody Rhodes
81%
87 Kurt Angle
81%
92 CM Punk
80%
9 Dusty Rhodes
80%
57 Owen Hart
80%
105 Sheamus
80%
59 Bubba Ray Dudley
79%
56 D-Von Dudley
79%
43 Shane McMahon
79%
5 Stephanie McMahon
79%
20 Vince McMahon
79%
69 Daniel Bryan
78%
50 Eddie Guerrero
78%
27 Diesel
77%
83 JBL
77%
32 Randy Savage
77%
19 Spike Dudley
77%
45 Trish Stratus
77%
3 Xia Li
77%
68 AJ Styles
76%
70 Billy Gunn
76%
65 Drew McIntyre
76%
65 Jey Uso
76%
69 Mark Henry
76%
55 Becky Lynch
74%
38 Chavo Guerrero
74%
61 Jimmy Uso
74%
64 John Morrison
74%
25 Lita
74%
43 Rikishi
74%
19 | 26 Ted DiBiase
74%
19 Ultimate Warrior
74%
13 Andre the Giant
73%
20 Goldberg
72%
67 Kevin Owens
72%
3 Vickie Guerrero
72%
35 Finn Balor
71%
68 Goldust
71%
60 Mick Foley
71%
45 Sasha Banks
71%
34 Wade Barrett
71%
56 X-Pac
71%
22 Bart Gunn
70%
63 Bobby Lashley
70%
58 Bray Wyatt
70%
30 Nikki Bella
70%
67 R-Truth
70%
33 The Great Khali
70%
36 Xavier Woods
70%
23 Brie Bella
69%
69 Cesaro
69%
19 Rhea Ripley
69%
38 Sami Zayn
69%
52 Shelton Benjamin
69%
25 Umaga
69%
46 Alberto Del Rio
67%
20 Chyna
67%
17 AJ Lee
66%
15 Damian Priest
66%
31 Nia Jax
66%
54 Rob Van Dam
66%
8 Aleister Black
65%
48 Bayley
65%
20 Crash Holly
65%
43 Hardcore Holly
65%
28 Luke Harper
65%
4 Michael Cole
65%
21 Molly Holly
65%
17 Roddy Piper
65%
52 Braun Strowman
64%
14 Honky Tonk Man
64%
38 MVP
64%
43 Alexa Bliss
63%
28 Erick Rowan
63%
24 Hawk
63%
36 Mickie James
63%
15 Tommy Dreamer
63%
28 Animal
62%
27 Carlito
62%
9 Dynamite Kid
62%
52 Faarooq
62%
7 Gunther
62%
26 Jerry Lawler
62%
4 Keith Lee
62%
29 Liv Morgan
62%
48 Road Dogg
62%
42 Rusev
62%
41 William Regal
62%
5 Arn Anderson
60%
12 Ax
60%
39 Beth Phoenix
60%
54 British Bulldog
60%
26 Jake Roberts
60%
19 Jim Duggan
60%
21 Jinder Mahal
60%
8 Junkyard Dog
60%
18 Karl Anderson
60%
13 Mandy Rose
60%
11 Rick Rude
60%
8 Rico
60%
16 Scott Steiner
60%
35 Test
60%
24 Yokozuna
60%
4 Adam Rose
59%
40 Asuka
59%
20 Charlie Haas
59%
7 Dakota Kai
59%
26 Heath Slater
59%
7 King Kong Bundy
59%
3 Leilani Kai
59%
6 Rick Steiner
59%
21 Ricochet
59%
22 Ronda Rousey
59%
29 The Godfather
59%
17 Ahmed Johnson
58%
27 D'Lo Brown
58%
9 Ezekiel Jackson
58%
21 Jim Neidhart
58%
17 Paige
58%
23 Samoa Joe
58%
32 Shinsuke Nakamura
58%
26 Bianca Belair
57%
19 Earthquake
57%
27 Finlay
57%
55 Jack Swagger
57%
19 Mr Perfect
57%
28 Albert
56%
31 Al Snow
56%
8 Bob Backlund
56%
3 Fake Razor Ramon
56%
14 Justin Gabriel
56%
31 Michelle McCool
56%
66 Natalya
56%
10 One Man Gang
56%
28 Razor Ramon
56%
36 Ryback
56%
7 Sabu
56%
17 Sid
56%
32 The Hurricane
56%
35 Big Boss Man
55%
18 Bobby Roode
55%
17 Darren Young
55%
6 Logan Paul
55%
21 Luke Gallows
55%
39 Naomi
55%
10 Ricky Steamboat
55%
11 Sgt Slaughter
55%
11 | 15 Sin Cara
55%
22 Torrie Wilson
55%
29 Val Venis
55%
18 Zack Ryder
55%
19 Bam Bam Bigelow
53%
48 Baron Corbin
53%
17 Chad Gable
53%
32 Jeff Jarrett
53%
11 Lex Luger
53%
23 Marty Jannetty
53%
24 Santino Marella
53%
5 The Sandman
53%
9 Bad News Brown
52%
12 Bushwhacker Butch
52%
6 Butch
52%
22 Crush
52%
13 Jimmy Snuka
52%
3 Karrion Kross
52%
19 Nikki Cross
52%
17 Otis
52%
14 Primo
52%
9 Raven
52%
20 Smash
52%
9 Bo Dallas
51%
9 David Otunga
51%
6 Dawn Marie
51%
8 DDP
51%
10 Dean Malenko
51%
10 Epico
51%
19 Greg Valentine
51%
14 Haku
51%
6 Jason Jordan
51%
25 Kelly Kelly
51%
7 Orlando Jordan
51%
21 Rick Martel
51%
13 Sable
51%
23 Tajiri
51%
25 Vader
51%
13 Chris Masters
50%
17 IRS
50%
29 Ken Shamrock
50%
16 Mr Kennedy
50%
21 Shayna Baszler
50%
3 Solo Sikoa
50%
24 Tito Santana
50%
25 Titus O'Neil
50%
12 Bushwhacker Luke
49%
3 Eva Marie
49%
16 Ivory
49%
9 Iyo Sky
49%
13 Joey Mercury
49%
16 Perry Saturn
49%
16 Tazz
49%
8 Terry Funk
49%
10 Typhoon
49%
37 Viscera
49%
14 Austin Theory
48%
15 Big Cass
48%
3 Big John Studd
48%
20 Curtis Axel
48%
16 Fandango
48%
10 Flash Funk
48%
5 Hillbilly Jim
48%
8 Kairi Sane
48%
18 Lance Storm
48%
27 Scotty 2 Hotty
48%
21 Steve Blackman
48%
17 Tatanka
48%
5 Toni Storm
48%
9 Andrade
47%
14 Brutus Beefcake
47%
3 Chelsea Green
47%
6 DH Smith
47%
18 Grandmaster Sexay
47%
12 Jillian Hall
47%
25 Layla
47%
10 Maven
47%
14 Mustafa Ali
47%
5 Raquel Rodriguez
47%
27 Savio Vega
47%
3 Sherri Martel
47%
35 Tamina
47%
23 Alicia Fox
45%
19 Brian Kendrick
45%
3 Butch Reed
45%
13 Enzo Amore
45%
14 Evan Bourne
45%
16 Funaki
45%
11 Gangrel
45%
9 Hornswoggle
45%
3 Johnny Gargano
45%
18 Montez Ford
45%
14 Omos
45%
5 Paul Orndorff
45%
24 Rhyno
45%
11 Zelina Vega
45%
36 Carmella
44%
11 Koko B. Ware
44%
21 Matt Riddle
44%
13 Ruby Riott
44%
5 The Boogeyman
44%
17 Tyson Kidd
44%
11 Virgil
44%
8 Cedric Alexander
43%
11 Neville
43%
13 Rene Dupree
43%
25 Victoria
43%
9 Buddy Murphy
42%
9 Curt Hawkins
42%
17 Eve Torres
42%
15 Kalisto
42%
24 Melina
42%
19 Paul London
42%
8 Sarah Logan
42%
8 The Iron Sheik
42%
5 The Kat
42%
10 Tyler Breeze
42%
17 Angelo Dawkins
41%
17 Apollo Crews
41%
15 Jacqueline
41%
18 Jamie Noble
41%
4 Paul Heyman
41%
6 Ridge Holland
41%
8 Rosey
41%
4 The Fabulous Moolah
41%
14 Dana Brooke
40%
17 Elias
40%
10 Gail Kim
40%
17 Lance Cade
40%
13 Maryse
40%
9 Samu
40%
10 Steven Richards
40%
15 Billy Kidman
38%
7 Brodus Clay
38%
5 Cameron
38%
13 Chuck Palumbo
38%
3 Doink the Clown
38%
20 Hercules
38%
3 Kamala
38%
8 Luna Vachon
38%
4 Muhammad Hassan
38%
13 Nikolai Volkoff
38%
13 Sonya Deville
38%
6 Alex Riley
37%
5 Alundra Blayze
37%
12 Dino Bravo
37%
7 Ember Moon
37%
11 Eugene
37%
5 Harley Race
37%
4 Jimmy Del Ray
37%
20 Marc Mero
37%
3 Max Moon
37%
18 Mosh
37%
13 Trevor Murdoch
37%
3 Bobby Heenan
36%
7 Brian Knobbs
36%
3 Brian Pillman
36%
12 Candice Michelle
36%
11 Jazz
36%
13 Lacey Evans
36%
9 Lana
36%
9 Paul Roma
36%
15 The Warlord
36%
7 Tucker
36%
11 Billie Kay
35%
15 Bull Buchanan
35%
3 Chris Kanyon
35%
21 Damien Sandow
35%
5 Emma
35%
10 Ivar
35%
7 Mark Jindrak
35%
10 Peyton Royce
35%
3 Sunil Singh
35%
7 The Texas Tornado
35%
4 Tiger Ali Singh
35%
9 Vladimir Kozlov
35%
7 Adam Bomb
34%
9 Dash Wilder
34%
10 Erik
34%
8 Kaitlyn
34%
4 Mike Knox
34%
8 Mojo Rawley
34%
3 Pete Gas
34%
9 Scott Dawson
34%
5 Shane Douglas
34%
9 Stacy Keibler
34%
13 The Barbarian
34%
16 Thrasher
34%
6 Tori
34%
5 Akira Tozawa
33%
3 Deuce
33%
3 Domino
33%
7 Don Muraco
33%
5 Eric Bischoff
33%
3 Gillberg
33%
7 Jerry Sags
33%
11 JTG
33%
6 Konnor
33%
7 Madcap Moss
33%
14 Maria Kanellis
33%
3 Mason Ryan
33%
3 Mike Kanellis
33%
5 Shannon Moore
33%
5 Skinner
33%
10 Super Crazy
33%
13 Sylvain Grenier
33%
9 TAKA Michinoku
33%
4 Tully Blanchard
33%
3 Tye Dillinger
33%
6 Viktor
33%
6 Aiden English
31%
8 Drew Gulak
31%
5 Droz
31%
4 Gran Metalik
31%
21 Jacques Rougeau
31%
5 Kevin Thorn
31%
3 Mia Yim
31%
24 Mideon
31%
10 Nunzio
31%
10 Raymond Rougeau
31%
4 Yoshi Tatsu
31%
6 Elijah Burke
30%
5 Jim Brunzell
30%
4 Rick Boogs
30%
6 Summer Rae
30%
4 Tony Nese
30%
3 Brooklyn Brawler
29%
5 Kurrgan
29%
5 Lince Dorado
29%
5 Miguel Perez
29%
4 Piper Niven
29%
4 Ron Bass
29%
6 Simon Dean
29%
3 The Blue Meanie
29%
4 Adrian Adonis
28%
5 Angel Garza
28%
4 B. Brian Blair
28%
7 Danny Basham
28%
7 Doug Basham
28%
6 Heidenreich
28%
3 Jack Gallagher
28%
6 Kenny Dykstra
28%
6 Psicosis
28%
13 Rob Conway
28%
7 Shad
28%
8 Shotzi
28%
6 Skip
28%
13 8 Ball
27%
4 Barry Windham
27%
5 Humberto Carrillo
27%
9 Justin Credible
27%
3 Juventud Guerrera
27%
4 Matt Striker
27%
4 Pat McAfee
27%
4 Ronnie Garvin
27%
3 Sean O'Haire
27%
13 Skull
27%
5 Terri Runnels
27%
9 Ashley
26%
5 Christy Hemme
26%
3 No Way Jose
26%
4 Shawn Stasiak
26%
5 Tyler Reks
26%
3 Zeus
26%
4 Barry Horowitz
24%
4 Candice LeRae
24%
3 Bill DeMott
23%
6 Boris Zhukov
23%
8 Chainz
23%
3 Daivari
23%
4 Hakushi
23%
3 Johnny
23%
3 Katie Lea Burchill
23%
4 Ken Patera
23%
7 Red Rooster
23%
3 Rodney
23%
4 Simon Gotch
23%
5 Beau Beverly
22%
5 Blake Beverly
22%
3 Christopher Nowinski
22%
4 Duke Droese
22%
9 Jimmy Wang Yang
22%
7 Jonathan Coachman
22%
4 Mikey
22%
3 Rosa Mendes
22%
5 Tanaka
22%
3 The Berzerker
22%
9 Tom Prichard
22%
5 Tyson Tomko
22%
4 Doug Furnas
21%
3 Jim Cornette
21%
4 Kid Kash
21%
3 Nidia
21%
4 Phil LaFon
21%
3 Ricky Morton
21%
3 The Patriot
21%
4 Danny Davis
20%
3 Jim Powers
20%
4 Jose Estrada
20%
4 Kenzo Suzuki
20%
3 TJP
20%
3 Genichiro Tenryu
19%
4 Jesus Castillo
19%
5 Mansoor
19%
3 Robbie McAllister
19%
3 Robert Gibson
19%
3 Rory McAllister
19%
3 Sato
19%
3 Dick Togo
17%
4 Rich Swann
17%
4 Jackie Gayda
16%
3 Men's Teioh
15%
23 Henry O.Godwinn
14%
5 Carl Ouellet
12%
5 Ray Apollo
12%
3 Tzuki
12%
8 Snitksy
8%
No matching quizzes found
Score Distribution
Percent of People with Each Score
Percentile by Number Answered
Your Score History
You have not taken this quiz